000 00315nam a22001337a 4500
003 SGT
082 _a617.645
_bM12S
100 _aSINGLA, SHANAL
245 _aMOLAR INCISOR HYPOMINERALIZATION
260 _aDELHI NCR
_bSGT UNIVERSITY GURUGRAM
_c2012
300 _a1-76
650 _aPEDODONTICS
942 _2ddc
_cTH
999 _c18498
_d18498